AH International Schools' Libraries

Normal view MARC view
  • Clemson, Wendy

Entry Personal Name

Number of records used in: 1

001 - CONTROL NUMBER

  • control field: 86876

003 - CONTROL NUMBER IDENTIFIER

  • control field: OSt

005 - DATE AND TIME OF LATEST TRANSACTION

  • control field: 20251113100945.0

008 - FIXED-LENGTH DATA ELEMENTS

  • fixed length control field: 251113|| aca||aabn | a|a d

040 ## - CATALOGING SOURCE

  • Original cataloging agency: OSt
  • Transcribing agency: OSt

100 ## - HEADING--PERSONAL NAME

  • Personal name: Clemson, Wendy

670 ## - SOURCE DATA FOUND

  • Source citation: Work cat.: (OSt)49751: Clemson, David. author. 86875, My first math book /, 1994.

For any Logos Library related questions please contact Miss Art at swongnarasuk@asianhope.org.

For any Asian Hope Library related questions please contact Miss Raza at graza@asianhope.org.

Powered by Koha